000 01065cam a2200289 4500
001 ##L131604
002 ##9139
008 051118n2005 000 0 eng u
020 _a1843114267
035 _a(Sirsi) u131604
041 0 _aeng
050 0 4 _a692.8 $2 18
100 1 _aPickavance, Keith
245 0 0 _aDelay and disruption in construction contracts
250 _a3rd ed.
260 _aLondon
_bLLP
_c2005
300 _alvii, 936p.
_c25cm.
350 _a230
520 _aNew edition updated to incorporate the recommendations of the Society of Construction Law Delay and Disruption Protocol (ISBN 0954383117). Now includes chapters on acceleration, time at large, global and total loss claims and the proof of causation.
520 _aSuperseeds second edition (ISBN 1859785085).
590 _aIKA030106
650 2 4 _aSOCIETY OF CONSTRUCTION LAW DELAY AND DISRUPTION PROTOCOL
690 _aBUILT ENVIRONMENT-CONSTRUCTION MANAGEMENT-BUILDING CONTRACT ADMINISTRATION
700 1 _aBurr, Andrew
700 1 _aAxelson, Anders
942 _n0
999 _c104791
_d104791